| 000 | 00999nam a2200277Ia 4500 | ||
|---|---|---|---|
| 003 | OSt | ||
| 005 | 20221005104631.0 | ||
| 006 | a|||||r|||| 00| 0 | ||
| 007 | ta | ||
| 008 | 221004b |||||||| |||| 00| 0 hin d | ||
| 020 |
_a9789350721629 (hbk) _c395 |
||
| 024 | _a7059 | ||
| 037 |
_b95, 05/09/2013, Vani Prakashan _cTextual |
||
| 040 |
_aCRL _cCRL _bhin |
||
| 041 |
_2hin _ahin |
||
| 082 | _aO152,6N121x, Q2 | ||
| 100 | _aजैन, निर्मला, संपा. | ||
| 245 | 0 | _aकेदारनाथ अग्रवाल | |
| 246 | _aKedāranāth agravāla | ||
| 260 |
_aदिल्ली _bवाणी प्रकाशन भारत _c2012 |
||
| 300 |
_a193पृ0 _ccm. |
||
| 490 | _aनिबन्धों की दुनिया | ||
| 650 | _aहिन्दी साहित्य | ||
| 942 |
_hO152,6N121x, Q2 _cTEXL _2cc |
||
| 999 |
_c1013305 _d1013305 |
||